000 00586nam a2200229Ia 4500
003 OSt
005 20250628105023.0
008 210423s2019 xx 000 0 und d
020 _a978-93-5119-437-8
040 _cAL
041 _aeng
082 _a006.3
_223
_bZUMP
100 _aNina Zumel
_995636
245 _aPractical data science with R
260 _aDelhi
_bDreamtech Press
_c2019
300 _axxv,389
_bPB
365 _b849
_cINR
650 _aComputer Methods
_995637
700 _aMount, John
_9216462
906 _adata ; Practical ; R ; science
942 _2ddc
_cBK
999 _c170649
_d170649